000 01160nam a2200205Ia 4500
003 Ost
005 20260507075054.0
008 260507s9999||||xx |||||||||||||| ||und||
040 _cfsecg
041 _aara
082 _a350
100 _aعبد الوهاب، محمد رفعت
_eمؤلف
245 0 _aاساسيات الادارة العامة /
_c محمد رفعت عبد الوهاب
260 _aالاسكندرية:
_bالدار الجامعية,
_c2002
300 _a471 صفحة؛
_c23 سم
520 _aتجد في هذا الكتاب : المقصود بالإدارة العامة ،ماهية الأشخاص المعنوية العامة أو الإدارية ، علاقة علم الإدرة العامة بالعلوم الإجتماعية الأخرى ،تطور علم الإدارة العامة ،التخطيط ،التعريف بالتخطيط ،صور التخطيط والمبادئ العامة التي تحكمه نظرية التخطيط في جمهورية مصر العربية
653 _aالإدارة العامة
700 _aمحمد، عثمان حسين عثمان
_eمؤلف ثانوي
942 _cكتاب
999 _c42710
_d42710